[Event "Sparkassen-Open B"]
[Site "Heusenstamm, Martinsee"]
[Date "2016.11.27"]
[Round "7.28"]
[White "Wöhl, Torsten"]
[Black "Mainka, Susanne"]
[Result "1-0"]
[WhiteElo "1586"]
[BlackElo "1147"]
[PlyCount "99"]
[EventDate "2016.??.??"]
[WhiteTeam "SC Groß-Zimmern"]
[BlackTeam "SG Wächtersbach"]

1. d4 d5 2. Bf4 e6 3. Nf3 Nf6 4. e3 a6 5. c3 Nbd7 6. Nbd2 c5 7. Be2 Be7 8. h3
O-O 9. Qc2 c4 10. Ne5 Nxe5 11. dxe5 Ne4 12. Nxe4 dxe4 13. Qxe4 Qb6 14. Rb1 Bd7
15. O-O Bc6 16. Qxc4 Bb5 17. Qb3 Rad8 18. a4 Rd2 19. Bxb5 axb5 20. e4 Rd3 21.
Qxb5 Qxb5 22. axb5 g5 23. Be3 Rfd8 24. Bd4 Rd2 25. Rfd1 Rxd1+ 26. Rxd1 Ra8 27.
b4 Kg7 28. Bc5 Bd8 29. Rd7 b6 30. Be7 Bxe7 31. Rxe7 Ra3 32. Rc7 Ra2 33. g4 Re2
34. Rc4 f6 35. Kg2 Kg6 36. Kf3 Re1 37. exf6 Kxf6 38. Rc7 h6 39. Rc6 Rd1 40. Kg3
Rd3+ 41. f3 Ke7 42. Rxb6 Rxc3 43. Rc6 Rb3 44. Rc4 Rb1 45. b6 Rg1+ 46. Kf2 Rd1
47. b7 Rd2+ 48. Ke3 Rd8 49. Rc8 Kd7 50. Rxd8+ 1-0

[Event "Sparkassen-Open B"]
[Site "Heusenstamm, Martinsee"]
[Date "2016.11.27"]
[Round "7.29"]
[White "Gräf, Jakob"]
[Black "Ketting, Douwe"]
[Result "1/2-1/2"]
[WhiteElo "1108"]
[BlackElo "1584"]
[PlyCount "55"]
[EventDate "2016.??.??"]
[WhiteTeam "SV Frankfurt Nord"]
[BlackTeam "SC Somborn"]

1. d4 Nf6 2. Nf3 g6 3. Bf4 Bg7 4. Nbd2 O-O 5. e4 d6 6. Bd3 Nbd7 7. c3 c5 8. Rc1
Qa5 9. Qb3 e5 10. dxe5 Nh5 11. Be3 dxe5 12. O-O a6 13. Rfd1 Nhf6 14. Nc4 Qc7
15. Be2 Nxe4 16. Rd5 Nef6 17. Rd6 b5 18. Rxf6 bxc4 19. Qxc4 Bxf6 20. b4 Nb6 21.
Qxc5 Bd8 22. Qxe5 Qxe5 23. Nxe5 f6 24. Nc6 Bc7 25. Bf3 Kg7 26. Nd4 Rb8 27. Nc6
Ra8 28. Nd4 1/2-1/2

[Event "Sparkassen-Open B"]
[Site "Heusenstamm, Martinsee"]
[Date "2016.11.27"]
[Round "7.30"]
[White "Pomrehn, Ole Magnus"]
[Black "Lehmann, Nils"]
[Result "0-1"]
[WhiteElo "1137"]
[BlackElo "1505"]
[PlyCount "114"]
[EventDate "2016.??.??"]
[WhiteTeam "SF Schöneck"]
[BlackTeam "SV Lahn Limburg"]

1. d4 d5 2. Nf3 Nf6 3. e3 Bf5 4. c4 e6 5. Qb3 Qc8 6. cxd5 exd5 7. Nc3 c6 8. Bd2
Bd6 9. Rc1 O-O 10. Be2 Qd7 11. O-O Ne4 12. Rfd1 Nxc3 13. Bxc3 Qc7 14. Bb4 Bxb4
15. Qxb4 Nd7 16. h3 Rfe8 17. Bd3 Bxd3 18. Rxd3 Qb6 19. Qxb6 Nxb6 20. b3 f6 21.
Rdc3 Nc8 22. Kf1 Nd6 23. Nd2 Ne4 24. Nxe4 Rxe4 25. Re1 Rae8 26. Ke2 R4e7 27.
Kd2 Kf7 28. Rec1 Ke6 29. b4 Kd6 30. a4 Rc7 31. b5 Rec8 32. bxc6 Rxc6 33. Rxc6+
Rxc6 34. Rxc6+ bxc6 35. Kd3 c5 36. dxc5+ Kxc5 37. Kc3 a5 38. f3 g5 39. g3 h5
40. h4 gxh4 41. gxh4 Kd6 42. Kd4 Kc6 43. Kd3 Kc5 44. Kc3 Kd6 45. Kd4 Kc6 46.
Kd3 Kc5 47. Kc3 Kc6 48. Kd3 Kd7 49. Kd4 Kd6 50. Kd3 Ke5 51. Kc3 f5 52. Kd3 f4
53. e4 dxe4+ 54. fxe4 f3 55. Ke3 f2 56. Kxf2 Kxe4 57. Kg3 Ke3 0-1

[Event "Sparkassen-Open B"]
[Site "Heusenstamm, Martinsee"]
[Date "2016.11.27"]
[Round "7.31"]
[White "Jung, Kenny"]
[Black "Martin, Lukas"]
[Result "0-1"]
[WhiteElo "1501"]
[BlackElo "1421"]
[PlyCount "52"]
[EventDate "2016.??.??"]
[WhiteTeam "SF Schöneck"]
[BlackTeam "SC Bad Soden"]

1. e4 c5 2. Nf3 e6 3. Nc3 Nc6 4. Bb5 Qc7 5. d3 Be7 6. O-O Nf6 7. a3 O-O 8. Re1
Ne5 9. Nxe5 Qxe5 10. f4 Qc7 11. Bc4 d6 12. Bd2 a6 13. Bb3 b5 14. Qe2 Bb7 15.
Nd1 Rfe8 16. Bc3 d5 17. exd5 exd5 18. Bxf6 gxf6 19. Qg4+ Kh8 20. c3 c4 21. dxc4
Bc5+ 22. Kf1 Rxe1+ 23. Kxe1 Qe7+ 24. Kf1 Rg8 25. Qf5 dxc4 26. Bc2 Bxg2# 0-1

[Event "Sparkassen-Open B"]
[Site "Heusenstamm, Martinsee"]
[Date "2016.11.27"]
[Round "7.32"]
[White "Held, Gerd"]
[Black "Solovej, Philip"]
[Result "1-0"]
[WhiteElo "1464"]
[BlackElo "1132"]
[PlyCount "93"]
[EventDate "2016.??.??"]
[WhiteTeam "SC Groß-Zimmern"]
[BlackTeam "SK Gründau"]

1. c4 c5 2. g3 g6 3. Bg2 Bg7 4. Nf3 Nc6 5. O-O e5 6. d3 Nge7 7. Nc3 O-O 8. a3
d6 9. Rb1 Rb8 10. Qc2 f5 11. b4 Be6 12. b5 Nd4 13. Qd1 Qa5 14. Bb2 Bh6 15. e3
Nxf3+ 16. Bxf3 f4 17. exf4 exf4 18. Bg4 Bxg4 19. Qxg4 Rf7 20. Ne4 Qc7 21. Nf6+
Kf8 22. Nd7+ Kg8 23. Nxb8 Qxb8 24. Qe6 fxg3 25. fxg3 Nf5 26. Rxf5 gxf5 27. Qxh6
Qe8 28. Rf1 f4 29. Qg5+ Kf8 30. Bc1 f3 31. Be3 b6 32. Kf2 Qe6 33. Qh6+ Qxh6 34.
Bxh6+ Kg8 35. Re1 Rf6 36. Bf4 Kf7 37. Re3 Re6 38. Kxf3 Rxe3+ 39. Kxe3 Ke6 40.
Ke4 h5 41. a4 Kf6 42. Bxd6 Kg5 43. Kf3 Kf5 44. Bb8 Ke6 45. Bxa7 Ke5 46. Bxb6
Kd4 47. Ke2 1-0

[Event "Sparkassen-Open B"]
[Site "Heusenstamm, Martinsee"]
[Date "2016.11.27"]
[Round "7.35"]
[White "Tiggemann, Felix"]
[Black "Herdt, Werner"]
[Result "1-0"]
[WhiteElo "1448"]
[BlackElo "1404"]
[PlyCount "139"]
[EventDate "2016.??.??"]
[WhiteTeam "SF Schöneck"]
[BlackTeam "SF Heusenstamm"]

1. e4 c5 2. Nf3 d6 3. d4 cxd4 4. Nxd4 Nf6 5. Nc3 a6 6. Be3 e6 7. Bd3 Be7 8. O-O
O-O 9. Kh1 Nc6 10. f4 b5 11. a3 Qc7 12. Qf3 Nxd4 13. Bxd4 e5 14. fxe5 dxe5 15.
Be3 Bb7 16. Rae1 Rad8 17. Qh3 Qd7 18. Qg3 Ng4 19. Bd2 Qe6 20. Rf5 Nf6 21. Rxe5
Qd7 22. Rf5 Kh8 23. e5 Ng8 24. Rh5 f5 25. Qh3 h6 26. Bxf5 Rxf5 27. Rxf5 Bc8 28.
Rf2 Qxh3 29. gxh3 Bxh3 30. Rd1 Bc5 31. Rf4 Kh7 32. Be1 Rxd1 33. Nxd1 Ne7 34.
Bb4 Bxb4 35. Rxb4 Bf5 36. Ne3 Be6 37. Rd4 Ng6 38. Rd6 Bc8 39. e6 Ne7 40. c4
bxc4 41. Nxc4 Nf5 42. Rb6 Ne7 43. Ne5 g5 44. Kg1 Kg7 45. Nd3 Kf6 46. Kf2 Nd5
47. Rd6 Ne7 48. Ke3 h5 49. Ke4 Bb7+ 50. Kd4 Bc6 51. Nb4 Bb5 52. Nxa6 Nc8 53.
Kc5 Ke7 54. Nc7 Nxd6 55. Nxb5 Nxb5 56. Kxb5 Kxe6 57. Kc4 g4 58. Kd4 Kf5 59. Ke3
h4 60. Kf2 Kf4 61. b4 Ke5 62. b5 Kd6 63. Ke3 Kc5 64. a4 g3 65. hxg3 hxg3 66.
Kf3 g2 67. Kxg2 Kb6 68. Kf3 Kc5 69. Ke4 Kb6 70. Kd5 1-0

[Event "Sparkassen-Open B"]
[Site "Heusenstamm, Martinsee"]
[Date "2016.11.27"]
[Round "7.36"]
[White "Lambrecht, Harald"]
[Black "Ebeling, Gereon"]
[Result "0-1"]
[WhiteElo "1427"]
[BlackElo "1356"]
[PlyCount "76"]
[EventDate "2016.??.??"]
[WhiteTeam "SK Celle-Westercelle"]
[BlackTeam "SK Mainaschaff"]

1. d4 d5 2. c4 c6 3. Nc3 Nf6 4. Bg5 e6 5. Bxf6 Qxf6 6. e3 Bb4 7. Qc2 e5 8. dxe5
Qxe5 9. a3 Bxc3+ 10. bxc3 Bf5 11. Bd3 Bxd3 12. Qxd3 dxc4 13. Qxc4 Nd7 14. Nf3
Qf6 15. O-O Nb6 16. Qb3 O-O 17. c4 Qe6 18. Rac1 Rad8 19. a4 Rd7 20. a5 Nc8 21.
Nd4 Qf6 22. Rfd1 Rfd8 23. Nf3 h6 24. Rxd7 Rxd7 25. h3 Qe7 26. Rd1 Qd8 27. Rxd7
Qxd7 28. c5 Qc7 29. Qb4 b6 30. axb6 axb6 31. cxb6 Qxb6 32. Qf4 c5 33. Qf5 Nd6
34. Qd7 c4 35. Ne5 c3 36. Nxf7 c2 37. Nxh6+ gxh6 38. Qg4+ Kh8 0-1

[Event "Sparkassen-Open B"]
[Site "Heusenstamm, Martinsee"]
[Date "2016.11.27"]
[Round "7.37"]
[White "Brunner, Andreas"]
[Black "Pessotschinski, Eduard"]
[Result "1-0"]
[WhiteElo "1413"]
[BlackElo "1139"]
[Annotator "Schloessner,Henrik"]
[PlyCount "107"]
[EventDate "2016.??.??"]
[WhiteTeam "FV Berkersheim"]
[BlackTeam "TuS Makkabi"]

1. d4 d5 2. Nf3 Nc6 3. e3 Nf6 4. c4 e6 5. a3 g6 6. Bd3 Bg7 7. Nc3 O-O 8. O-O
Re8 9. cxd5 exd5 10. b4 Bg4 11. Rb1 Ne4 12. Bb2 Ng5 13. Be2 Bf5 14. Rc1 Ne4 15.
Na4 Qe7 16. Nc5 Nxc5 17. Rxc5 Be4 18. Bb5 Qd6 19. Qd2 Bxf3 20. gxf3 a6 21. Ba4
b5 22. Bb3 Ne7 23. Qd3 c6 24. Rfc1 Qf6 25. f4 Rac8 26. a4 Rc7 27. axb5 axb5 28.
Ra1 Nf5 29. Bxd5 Rec8 30. Be4 Nd6 31. Bf3 Nc4 32. Bc3 Re8 33. Rc1 Qd6 34. Ra1
Nb6 35. Ra6 Rb8 36. Ba1 Bf8 37. e4 Qxf4 38. Rc2 Bxb4 39. Bb2 Nc4 40. Bc1 Qf6
41. e5 Qd8 42. Rxc4 bxc4 43. Qxc4 Rd7 44. Be3 Be7 45. Bg4 Rd5 46. Rxc6 Bg5 47.
Bxg5 Qxg5 48. Rc8+ Rxc8 49. Qxc8+ Rd8 50. f4 f5 51. Qc4+ Kg7 52. fxg5 fxg4 53.
Qc7+ Kg8 54. Qxd8+ {Rest nicht nachvollziehbar 1-0 62.} 1-0

[Event "Sparkassen-Open B"]
[Site "Heusenstamm, Martinsee"]
[Date "2016.11.27"]
[Round "7.38"]
[White "Grudniewski, Andreas"]
[Black "Troeger, Beate"]
[Result "1-0"]
[WhiteElo "1210"]
[BlackElo "1499"]
[PlyCount "85"]
[EventDate "2016.??.??"]
[WhiteTeam "SC Somborn"]
[BlackTeam "Vorw.Orient Mainz"]

1. d4 f5 2. g3 Nf6 3. Bg2 g6 4. Nf3 Bg7 5. O-O O-O 6. c4 e6 7. Nc3 c6 8. Qc2 d5
9. b3 Nbd7 10. a4 Ne4 11. e3 Nxc3 12. Qxc3 Nf6 13. Ba3 Ne4 14. Qc2 Re8 15. Ne5
Bd7 16. Rad1 Rc8 17. f3 Nf6 18. e4 b5 19. axb5 cxb5 20. Bc5 bxc4 21. bxc4 dxc4
22. Nxc4 Bf8 23. Qa2 Bxc5 24. dxc5 Rxc5 25. Nd6 Ra5 26. Qb2 Qb6+ 27. Qxb6 axb6
28. Nxe8 Bxe8 29. Rb1 b5 30. exf5 exf5 31. Ra1 Rxa1 32. Rxa1 Kg7 33. Rb1 Nd5
34. f4 Ne3 35. Re1 Nc2 36. Rxe8 b4 37. Rb8 Kf7 38. Bd5+ Ke7 39. Bb3 Nd4 40.
Rxb4 Ne2+ 41. Kf2 Nc1 42. Bc4 Kf8 43. Rb1 1-0

[Event "Sparkassen-Open B"]
[Site "Heusenstamm, Martinsee"]
[Date "2016.11.27"]
[Round "7.39"]
[White "Mook, Karl-Jürgen"]
[Black "Eckhoff, Mathias"]
[Result "1/2-1/2"]
[WhiteElo "1535"]
[BlackElo "968"]
[PlyCount "110"]
[EventDate "2016.??.??"]
[WhiteTeam "SC Sulzbach"]
[BlackTeam "SK Hungen"]

1. e4 e6 2. d3 d5 3. Nd2 Nf6 4. Ngf3 Be7 5. g3 c5 6. Bg2 Nc6 7. O-O O-O 8. e5
Nd7 9. Re1 b5 10. c3 a5 11. Nf1 c4 12. h4 Qc7 13. Bf4 Re8 14. Qe2 Ba6 15. dxc4
bxc4 16. N1h2 a4 17. Qc2 Bb7 18. Ng4 Nf8 19. h5 Red8 20. Rad1 a3 21. Nd4 Nxd4
22. Rxd4 Qb6 23. Rb1 axb2 24. Rxb2 Qa7 25. Be3 Qa6 26. Rd2 Rdb8 27. Rd1 Bc8 28.
Rdb1 Rxb2 29. Rxb2 Qa5 30. Bb6 Qa6 31. Be3 Qa5 32. Qd2 Qa3 33. h6 g6 34. Nf6+
Bxf6 35. exf6 Nd7 36. Bf4 Kf8 37. Be3 Rb8 38. Rxb8 Nxb8 39. Bb6 Nd7 40. Bd8 Ke8
41. Be7 Qa7 42. Qb2 Qb7 43. Qa3 Ne5 44. Qd6 Nd7 45. Bh3 Qb1+ 46. Kh2 Qb6 47.
Bxe6 Qxf2+ 48. Kh3 Qf1+ 49. Kh4 fxe6 50. Qxe6 Qh1+ 51. Kg4 Qd1+ 52. Kf4 Qf1+
53. Kg4 Qd1+ 54. Kh3 Qh1+ 55. Kg4 Qd1+ 1/2-1/2

[Event "Sparkassen-Open B"]
[Site "Heusenstamm, Martinsee"]
[Date "2016.11.27"]
[Round "7.40"]
[White "Häfner, Günther"]
[Black "Lachmann, Irma"]
[Result "1/2-1/2"]
[WhiteElo "892"]
[BlackElo "734"]
[PlyCount "48"]
[EventDate "2016.??.??"]
[WhiteTeam "FV Berkersheim"]
[BlackTeam "FV Berkersheim"]

1. d4 b6 2. Nf3 Bb7 3. c4 e6 4. a3 Nf6 5. Nc3 d5 6. e3 Nbd7 7. Bd3 c5 8. O-O
Qc7 9. Re1 g6 10. Qc2 Bg7 11. e4 Ng4 12. Nb5 Qb8 13. e5 h5 14. Nd6+ Kf8 15. Qa4
Qc7 16. Ng5 Nh6 17. Qc2 Qc6 18. Bxg6 fxg6 19. Nxb7 Qxb7 20. Nxe6+ Kf7 21. Ng5+
Ke7 22. Qxg6 Rae8 23. Qd6+ Kd8 24. Nf7+ Nxf7 1/2-1/2

[Event "Sparkassen-Open B"]
[Site "Heusenstamm, Martinsee"]
[Date "2016.11.27"]
[Round "7.41"]
[White "Spill, Werner"]
[Black "Junkers, Günter"]
[Result "1-0"]
[WhiteElo "1436"]
[BlackElo "1255"]
[PlyCount "49"]
[EventDate "2016.??.??"]
[WhiteTeam "SC Königsspringer Alzenau"]
[BlackTeam "SG Rödermark"]

1. Nc3 Nf6 2. e4 e5 3. f4 Qe7 4. Nf3 exf4 5. d3 c6 6. Bxf4 Qc5 7. Qd2 Bd6 8.
Bxd6 Qb6 9. O-O-O Ng4 10. Qf4 Qe3+ 11. Qxe3 Nxe3 12. Re1 Ng4 13. h3 Nh6 14. Nh4
f6 15. Nf5 b5 16. Nxg7+ Kf7 17. Nf5 Nxf5 18. exf5 Re8 19. Rxe8 Kxe8 20. Be2 Na6
21. Bh5+ Kd8 22. Re1 Nc7 23. Re7 a5 24. Rxh7 Ne8 25. Rh8 1-0